Missing Word: Queen Songs (A-Z) Quiz Stats

 Plays Quiz Updated Sep 14, 2016

Challenge
Share
Tweet
Embed
Score 0/24 Timer 03:00
1 Play Today
Hint Answer % Correct
_____ Stop Me NowDon't
97.4%
Another _____ Bites the DustOne
97.3%
You're _____ Best FriendMy
97.2%
Crazy _____ Thing Called LoveLittle
96.1%
I _____ to Break FreeWant
95%
Bohemian _____Rhapsody
93.7%
Killer _____Queen
92.7%
_____ Are the Days of Our LivesThese
92.6%
We Are the _____Champions
91.4%
Who Wants to Live _____Forever
85.7%
I Want It _____All
84.9%
Under _____Pressure
83.5%
Hint Answer % Correct
_____ I'm HereNow
82.1%
Play the _____Game
75%
A _____ of MagicKind
73.2%
_____ RaceBicycle
66.9%
Made in _____Heaven
58.6%
More of That _____Jazz
50.1%
Princes of the _____Universe
48.6%
The _____ ManInvisible
45.3%
Keep _____ AliveYourself
43.7%
Let Me _____ YouEntertain
40.2%
I'm Going _____ MadSlightly
34%
One _____Vision
33.5%

Today's Daily Dose

You're not logged in!

Compare scores with friends on all Sporcle quizzes.
Join for Free
OR
Log In

You Might Also Like...

Show Comments

Extras

Top Quizzes Today


Score Distribution

Your Account Isn't Verified!

In order to create a playlist on Sporcle, you need to verify the email address you used during registration. Go to your Sporcle Settings to finish the process.

Report this User

Report this user for behavior that violates our Community Guidelines.

Details: